Cinéma commençant par la lettre M - Statistiques

Statistiques générales
  • Ce quiz a été pris 1 555 fois
  • Le résultat moyen est 4 sur 12
Statistiques - réponses
Hint Réponse % Correct
Film de science-fiction sorti en 1999, avec une mystérieuse pilule rouge Matrix
94%
Actrice américaine disparue en 1962, sex-symbol de son époque Marilyn Monroe
89%
Acteur et chanteur français, ayant eu une liaison avec cette dernière Yves Montand
40%
Antagoniste de la saga Halloween, ayant le même nom qu'un comédien anglais Michael Myers
39%
Film allemand de 1927 sur une dystopie séparant riches et pauvres Metropolis
34%
Métrage relatant la production et le tournage d'un autre film Making-of
31%
Acteur français, amant de Jean Cocteau et acolyte de Louis de Funès Jean Marais
28%
Acteur italien, éternel ami de Sophia Loren Marcello Mastroianni
24%
Cinéaste français à l'origine de "L'Armée des ombres" Jean-Pierre Melville
19%
Expression désignant un objet prétexte au développement du scénario MacGuffin
12%
Type de production à faible budget, copiant des blockbusters pré-existants Mockbuster
8%
Réalisateur japonais disparu en 1956, dont l'ultime film traite de la prostitution Kenji Mizoguchi
5%
Aucun quiz correspondant
Distribution des résultats
% des personnes avec chaque résultat
Percentile par nombre de réponses
Votre historique - résultats
Vous n’avez pas pris ce quiz